Представление документа в формате RUSMARC

ПолеНазваниеЗначение
  Тип записи i
  Библиографический уровень m
001 Контрольный номер RU/IS/BASE/366117083
005 Дата корректировки 20201206204811.8
010 Индекс ISBN __
d Цена 167-56
101 Язык документа __
a Язык текста rus
200 Заглавие и сведения об ответственности 1_
a Заглавие Лазарь, или Путешествие смертника
e Сведения, относящиеся к заглавию [повесть : аудиокнига]
f Первые сведения об ответственности Андрей Дашков ; [читает: Владимир Шевяков]
b Общее обозначение материала Звукозапись
210 Выходные данные __
a Место издания М.
c Издательство МедиаКнига
d Дата издания 2010
215 Физическое описание __
a Объем 1 электрон. опт. диск (Audio CD) (10 ч. 13 мин.)
300 Общие примечания __
a Общие примечания mp3 ; 128 kbps ; CD-MP3
323 Примечание о главных создателях, исполнителях, участниках __
a Примечание о главных создателях, исполнителях, участниках Шевяков, В. (читает)
330 Аннотация __
a Аннотация Повесть «Лазарь, или Путешествие смертника» – тот редкий случай, когда отвечающая всем канонам жанра жесткая и динамичная фантастика поднимается до уровня экзистенциальной притчи о человеческой судьбе, одиночестве, обреченности и надежде.
333 Примечание о целевом назначении __
a Примечание о целевом назначении 16+. Для детей старше 16 лет
517 Другие варианты заглавия __
a Другие варианты заглавия Путешествие смертника
606 Тематические рубрики __
a Основная рубрика Художественная литература
606 Тематические рубрики __
a Основная рубрика Современная русская литература (произведения)
610 Ключевые слова __
a Ключевые слова фантастика; фантастические повести; фантастические произведения; фантастическая литература; романы; современная литература; тема борьбы; тема приключений; тема одиночества
686 Индексы других классификаций __
a Классификационный индекс 84(2Рос=Рус)6-445я04
700 Автор _1
a Фамилия Дашков
b Имя А.
g Полное личное имя Алексей Александрович
4 Код отношения 070
801 Источник записи _0
a Страна RU
b Организация Муниципальное бюджетное учреждение культуры "Централизованная библиотечная система" г. Сургут (Центральная городская библиотека им. А. С. Пушкина)
g Правила каталогизации КиК/Поспелова
801 Источник записи _1
a Страна RU
b Организация Муниципальное бюджетное учреждение культуры "Централизованная библиотечная система" г. Сургут (Центральная городская библиотека им. А. С. Пушкина)
g Правила каталогизации КиК/Поспелова
852 Данные о местонахождении __
j Шифр хранения 84(2Рос=Рус)6-445я04
i Авторский знак Д 21
901 Тип документа __
t Тип документа 0
903 Характеристики (МАРС) __
a Дата передачи 20110808
969 Тип издания __
a Тип издания аудиокнига
990 Данные о заказе (DOS) __
j Количество экземпляров (DOS) 3
h N записи в КСУ для Б/У (DOS) 201109